Notificaciones electrónicas (Registro nro. 3456)

Detalles MARC
000 -LEADER
fixed length control field 01746 a2200205 4500
001 - CONTROL NUMBER
control field 41313
005 - DATE AND TIME OF LATEST TRANSACTION
control field 20260407155707.0
008 - FIXED-LENGTH DATA ELEMENTS--GENERAL INFORMATION
fixed length control field 260407a2016 arg spa d
003 - CONTROL NUMBER IDENTIFIER
control field AR-UNSa-BCEJYS
040 ## - CATALOGING SOURCE
Original cataloging agency AR-UNSa-BCEJYS
Language of cataloging spa
Transcribing agency AR-UNSa-BCEJYS
080 ## - UNIVERSAL DECIMAL CLASSIFICATION NUMBER
Universal Decimal Classification number 34:004
Common auxiliary subdivision Derecho informatico (firma digital, etc.)
041 ## - LANGUAGE CODE
Language code of text/sound track or separate title spa
245 10 - TITLE STATEMENT
Title Notificaciones electrónicas
264 #1 - PRODUCTION, PUBLICATION, DISTRIBUTION, MANUFACTURE, AND COPYRIGHT NOTICE
Place of production, publication, distribution, manufacture Buenos Aires :
Name of producer, publisher, distributor, manufacturer Erreius
Date of production, publication, distribution, manufacture, or copyright notice 2016
300 ## - PHYSICAL DESCRIPTION
Extent 127 p.
Dimensions 26 cm.
505 ## - FORMATTED CONTENTS NOTE
Formatted contents note I. Nacional: 1. Aspectos prácticos del sistema de notificación electrónica / Juan M. Villoldo - 2. Novedades jurisprudenciales sobre la notificación electrónica / Juan M. Villoldo - 3. Notificación electrónica en el PJN: ¿un primer paso hacia el expediente digital? / Matías S. Núñez - II. Provincial: 1. Implementación del sistema de notificación electrónica en la Provincia de Buenos Aires / Eugenia Pruzzo - 2. Presentaciones y notificaciones electrónicas en la Provincia de Buenos Aires. Obtención del certificado digital / Matías D. Alvarez Chaffer - 3. Guía práctica sobre la utilización del sistema de presentaciones y notificaciones electrónicas en la Provincia de Buenos Aires / Matías D. Alvarez Chaffer - 4. Preguntas frecuentes sobre el sistema de presentaciones y notificaciones electrónicas en la Provincia de Buenos Aires / Matías D. Alvarez Chaffer - 5. Mandato judicial, ¿escritura pública o instrumento privado? Reflexión acerca de la presentación de escritos electrónicos / Toribio E. Sosa - El papel sigue vigente (para bien o para mal) / Pablo A. Grillo Ciocchini
590 ## - LOCAL NOTE (RLIN)
Local note niveau_biblio:m niveau_hierar:0
856 41 - ELECTRONIC LOCATION AND ACCESS
Uniform Resource Identifier <a href="https://biblioeco.unsa.edu.ar/pmb/images/libros/E00027_01.jpg">https://biblioeco.unsa.edu.ar/pmb/images/libros/E00027_01.jpg</a>
Link text Imagen de portada
Electronic format type image/jpeg
942 ## - ADDED ENTRY ELEMENTS (KOHA)
Koha item type
Existencias
Withdrawn status Lost status Damaged status Not for loan Home library Current library Shelving location Date acquired Total checkouts Full call number Barcode Date last seen Price effective from Koha item type
        Biblioteca Prof. Eusebio Cleto del Rey Biblioteca Prof. Eusebio Cleto del Rey   07/04/2026   E34:004 N912/ER E00027 07/04/2026 07/04/2026 Libro